[Event "GER-chT U16"]
[Site "Magdeburg"]
[Date "2023.12.29"]
[Round "6.5"]
[White "Koltyhin, Heorhii"]
[Black "Neves, Carlos"]
[Result "1-0"]
[WhiteElo "1502"]
[BlackElo "1721"]
[PlyCount "32"]
[EventDate "2023.12.26"]
[EventType "team-swiss"]
[EventRounds "7"]
[EventCountry "GER"]
[SourceTitle "CB03_2024"]
[SourceDate "2024.01.17"]
[SourceVersion "1"]
[SourceVersionDate "2024.01.17"]
[SourceQuality "1"]
[WhiteTeam "Dresden Gruen Weiss"]
[BlackTeam "Baden-Baden"]
[WhiteTeamCountry "GER"]
[BlackTeamCountry "GER"]

1. e4 c5 2. b4 e5 3. Nf3 Nc6 4. bxc5 Bxc5 5. Bc4 Nf6 6. Nc3 0-0 7. 0-0 d6 8. h3 Nd4 9. d3 h6 10. Be3 Be6 11. Bb3 Qd7 12. Nd5 Nxd5 13. Bxd5 Rac8 14. Bxd4 Bxd5 15. Bxc5 Rxc5 16. exd5 Rxd5 1-0